000 01122pam a2200277 a 4500
001 3857350
003 ARRUPE
005 20140918141450.0
008 881221s1989 enka b 001 0 eng
010 _a 88035320
020 _a0198248539 :
_c$16.25 (U.S.)
040 _aDLC
_cDLC
_dDLC
050 0 0 _aB1498
_b.S84 1989
100 1 _aStrawson, Galen.
_911348
245 1 4 _aThe secret connexion :
_bcausation, realism, and David Hume /
_cGalen Strawson.
260 _aOxford :
_bClarendon Press ;
_aOxford ;
_aNew York :
_bOxford University Press,
_c1989.
300 _axiii, 291 p. :
_bill. ;
_c22 cm.
504 _aIncludes bibliographical references (p. [285]-288) and index.
600 1 0 _aHume, David,
_d1711-1776.
_911349
650 0 _aCausation
_xHistory
_y18th century.
_911350
740 0 _aSecret connection.
856 4 2 _3Publisher description
_uhttp://www.loc.gov/catdir/enhancements/fy0640/88035320-d.html
906 _a7
_bcbc
_corignew
_d1
_eocip
_f19
_gy-gencatlg
942 _2lcc
_cMONOGRAPH
999 _c120862
_d120862